=LDR 00000nam 2200000 4500 =001 INLIS000000000047140 =990 ##$$a 2090101437/BPAP-NTB/2015 =005 20150814114028.0 =990 ##$$a 2090101438/BPAP-NTB/2015 =006 =990 ##$$a 0001/BPAP-NTB/2015 =007 =008 =035 ##$$0010-081500000000054 =082 ##$$a 398.059 845 =090 ##$$a 398.059 845 uni m =100 ##$$a uniawati =245 ##$$a ngkaa ngkaasidan putri raja babi =260 ##$$a departemen pendidikan nasional jakarta =300 ##$$a hln. 89 =850 ##$$a NPBMAT =990 ##$$a 2090101437/BPAP-NTB/2015 =990 ##$$a 2090101438/BPAP-NTB/2015 =990 ##$$a 0001/BPAP-NTB/2015